000
00476nam a2200181Ia 4500
008
100917s9999 xx 000 0 und d
082
_b
63591
100
_a
पंडित नलिनी
245
_a
गांधी
260
_b
ग्रंथाली अभिनव चळवळ
_c
1983
300
_a
272
365
_b
35
520
_a
निबंध
630
_a
गांधी
650
_a
निबंध
730
_a
गांधी
942
_c
BOOK
999
_c
668985
_d
668982